000 00562nam a2200169 4500
008 010615s1984 gw engYA
020 _a3438052199
090 _aBS715
_bB47k
_b1984
100 1 _aKittel, Rudolph
245 1 0 _aBiblia Hebraica Stuttgartensia /
_cR. Kittel...[et.al].
250 _aeditio secunda emendata
260 _aStuttgart :
_bDeutsche Bibelgesellschaft,
_cc1967,
_c1983.
300 _a1547 p.
650 4 _aBible. O.T. Hebrew
740 0 2 _aBible. O.T. Hebrew. Kittel. 1983
951 _p14977
_oBS715/B47k/1984
_j070613110926765
_d2000-12-21
_cGC
999 _c1830
_d1830